000 00480nmm a2200169Ia 4500
008 251105s9999||||xx |||||||||||||||||und||
041 _aspa
100 _aSantlofer, Jonathan
245 0 _aAnatomía del miedo
264 _a[Madrid, España] :
_bEdiciones B,
_c2015
300 _a384 páginas
650 _aThriller & Suspense
700 _aSantlofer, Jonathan
700 1 _a Ricciardi Gamba, Norma
856 _uhttps://public.digitaliapublishing.com/a/53630
942 _cCF
999 _c71140
_d71140